00930 a2200217 4500003000500000005001700005040000900022082001000031100003000041245010900071260002000180300001100200505021400211538002900425650001600454651001000470942000800480999001900488952010300507952010200610Nust20170207153545.0 cNust a005.1 aRaja, Farrukh A. (MSCS-) aPoint-to-point file transfer based on link access procedure for D channel (LAPD) of ISDNcFarrukh A Raja aMCSc1996bRwp. a115 p. aIntroduction (page-1), ISDN protocol and functions (page-18), Data link control protocols (page-33), Implementation of file transfer protocol (page-54), Applications, limitations and future research (page-63). aAlmirah No 73 Shelf No 1 aMSCS Thesis aMSCS- cTHS c188588d188588 00102ddc40708NFICaMCSbMCSd2016-12-12l0o005.1 RAJpMCSTCS-256r2016-12-08w2016-12-12yBK 00102ddc40708NFICaMCSbMCSd2016-12-12l0o005.1 RAJpMCSTCS-29r2016-12-08w2016-12-12yBK